UM Logo

Talking about people : (Record no. 4136)

MARC details
000 -LEADER
fixed length control field 00998cam a22003014a 4500
001 - CONTROL NUMBER
control field 13867327
003 - CONTROL NUMBER IDENTIFIER
control field OSt
005 - DATE AND TIME OF LATEST TRANSACTION
control field 20160825174817.0
008 - FIXED-LENGTH DATA ELEMENTS--GENERAL INFORMATION
fixed length control field 050210s2006 mau b 001 0 eng
010 ## - LIBRARY OF CONGRESS CONTROL NUMBER
LC control number 2005041594
020 ## - INTERNATIONAL STANDARD BOOK NUMBER
International Standard Book Number 0-7674-0513-7
040 ## - CATALOGING SOURCE
Original cataloging agency DLC
Transcribing agency DLC
Modifying agency DLC
042 ## - AUTHENTICATION CODE
Authentication code pcc
050 00 - LIBRARY OF CONGRESS CALL NUMBER
Classification number GN316
Item number .T34 2006
082 00 - DEWEY DECIMAL CLASSIFICATION NUMBER
Classification number DC 306
Edition number 2002
Item number H29t
100 ## - MAIN ENTRY--PERSONAL NAME
9 (RLIN) 13702
Personal name Haviland, William A.
245 00 - TITLE STATEMENT
Title Talking about people :
Remainder of title readings in contemporary cultural anthropology.
Statement of responsibility, etc. William A. Haviland...[and two others]
250 ## - EDITION STATEMENT
Edition statement Third Edition
260 ## - PUBLICATION, DISTRIBUTION, ETC. (IMPRINT)
Place of publication, distribution, etc. Boston :
Name of publisher, distributor, etc. McGraw-Hill,
Date of publication, distribution, etc. c2002.
300 ## - PHYSICAL DESCRIPTION
Extent xxiv, 258 pages ;
Dimensions 27 cm.
500 ## - GENERAL NOTE
General note Includes index.
650 #0 - SUBJECT ADDED ENTRY--TOPICAL TERM
Topical term or geographic name as entry element Ethnology.
700 1# - ADDED ENTRY--PERSONAL NAME
Personal name Gordon, Robert J.,
Dates associated with a name 1947-
700 1# - ADDED ENTRY--PERSONAL NAME
Personal name Vivanco, Luis Antonio,
Dates associated with a name 1969-
906 ## - LOCAL DATA ELEMENT F, LDF (RLIN)
a 7
b cbc
c orignew
d 1
e ocip
f 20
g y-gencatlg
942 ## - ADDED ENTRY ELEMENTS (KOHA)
Source of classification or shelving scheme Dewey Decimal Classification
Koha item type Circulation
Holdings
Withdrawn status Lost status Source of classification or shelving scheme Damaged status Not for loan Collection code Home library Current library Date acquired Source of acquisition Total Checkouts Full call number Barcode Date last seen Price effective from Koha item type
    Dewey Decimal Classification     Circulation UM Digos College - LIC UM Digos College - LIC 03/25/2009 Purchased   DC 306 H29t 2002 20188 05/15/2025 08/25/2016 Circulation